Last Five: Nintendo Franchises Quiz Stats

 Plays Quiz not verified by Sporcle

Score 0/30 Timer 06:00
0 Plays Today
% Correct
Pokémon X & Y (2013)
75.9%
Pokémon Black & White (2010)
65.9%
Pokémon Diamond & Pearl (2007)
60.5%
Metroid Prime (2002)
57.6%
Pokémon Sun & Moon (2016)
56.9%
Super Mario Odyssey (2017)
55.8%
Breath of the Wild (2017)
53.8%
Skyward Sword (2011)
51.9%
Pokémon Black & White 2 (2012)
49.3%
Metroid Prime 2: Echoes (2004)
41.5%
Metroid Prime 3: Corruption (2007)
39.9%
Super Mario 3D World (2013)
38.1%
A Link Between Worlds (2013)
37.7%
Donkey Kong Country: Tropical Freeze (2014)
37%
Metroid: Other M (2010)
32.1%
% Correct
Donkey Kong Country Returns (2010)
32.1%
Spirit Tracks (2009)
31.4%
Super Mario Maker (2015)
29.3%
Tri-Force Heroes (2015)
28.4%
New Super Mario Bros. U (2012)
27.3%
Donkey Kong 64 (1999)
26.1%
Metroid Fusion (2002)
24.9%
Super Mario Maker 2 (2019)
24.7%
Yoshi's Woolly World (2015)
24.1%
Yoshi's New Island (2014)
18.2%
Yoshi's Island DS (2006)
14.8%
Yoshi Touch & Go (2005)
8.1%
Yoshi's Crafted World (2019)
7%
DK: King of Swing (2005)
6.7%
DK: Jungle Climber (2007)
5.4%

You're not logged in!

Compare scores with friends on all Sporcle quizzes.
OR
Log In

Show Comments

Extras

Top Quizzes Today


Score Distribution

Your Account Isn't Verified!

In order to create a playlist on Sporcle, you need to verify the email address you used during registration. Go to your Sporcle Settings to finish the process.

Report this User

Report this user for behavior that violates our Community Guidelines.

Details: